Jill and the beanstalk / (Record no. 8868)

MARC details
000 -LEADER
fixed length control field 00950nam a22002777a 4500
001 - CONTROL NUMBER
control field 8868
003 - CONTROL NUMBER IDENTIFIER
control field FISKH
005 - DATE AND TIME OF LATEST TRANSACTION
control field 20251024100232.0
008 - FIXED-LENGTH DATA ELEMENTS--GENERAL INFORMATION
fixed length control field 251024b cb ||||| |||| 00| 0 eng d
020 ## - INTERNATIONAL STANDARD BOOK NUMBER
International Standard Book Number 9781612360157
040 ## - CATALOGING SOURCE
Original cataloging agency FISKH
Language of cataloging eng
Transcribing agency FISKH
Modifying agency FISKH
050 ## - LIBRARY OF CONGRESS CALL NUMBER
Classification number PZ7.K666 J
082 ## - DEWEY DECIMAL CLASSIFICATION NUMBER
Classification number 782.4
100 ## - MAIN ENTRY--PERSONAL NAME
Personal name Koontz, Robin
Relator term Author
245 ## - TITLE STATEMENT
Title Jill and the beanstalk /
Statement of responsibility, etc. By Robin Koontz ; Illustrated by Helen Poole
260 ## - PUBLICATION, DISTRIBUTION, ETC.
Place of publication, distribution, etc. Guangdong :
Name of publisher, distributor, etc. Rourke ,
Date of publication, distribution, etc. 2011
300 ## - PHYSICAL DESCRIPTION
Extent 24 pages :
Other physical details color illustrations ;
Dimensions 21 cm
505 ## - FORMATTED CONTENTS NOTE
Formatted contents note J<br/>
520 ## - SUMMARY, ETC.
Summary, etc. This Fluent Reader Retells A Classic Story. Teaching Focus, Words To Know Before You Read, Comprehension And Extension Activities. Inside Front And Back Cover Parent And Teacher Support.
521 8# - TARGET AUDIENCE NOTE
Target audience note 500<br/>
Source Lexile<br/>
521 8# - TARGET AUDIENCE NOTE
Target audience note J<br/>
Source Raz-Plus<br/>
650 ## - SUBJECT ADDED ENTRY--TOPICAL TERM
Topical term or geographic name entry element Fairy tales
Form subdivision Jill and the beanstalk
700 ## - ADDED ENTRY--PERSONAL NAME
Personal name Poole, Helen
Relator term Illustrator
942 ## - ADDED ENTRY ELEMENTS (KOHA)
Source of classification or shelving scheme Dewey Decimal Classification
Koha item type Books
Suppress in OPAC No
Holdings
Withdrawn status Lost status Source of classification or shelving scheme Damaged status Not for loan Home library Current library Shelving location Date acquired Total Checkouts Full call number Barcode Date last seen Copy number Price effective from Koha item type
    Dewey Decimal Classification     Footprints International School Library Network Toul Tom Poung Campus Footprints International School Library Network Toul Tom Poung Campus TTP Primary Dark Blue Bookshelves 10/24/2025   KOO 782.4 PZ7.K666 J FISTK00944 10/24/2025 1 10/24/2025 Books